1014 1077 1758 1424 1204 1557 1869 1943 1342 1168 1288 1385 1449 1880 1453 1927 1115 1462 1934 1821 1216 1199 1195 1378 1587 1169 1355 1796 1863 1811 1979 1783 1740 1967 1130 1811 1164 1431 1153 1897 1356 1614 1620 1515 1086 1798 1061 1158 1825 1475 1913 1302 1296 1438 1542 1188 1400 1608 1213 1503 1448 1364 1882 1311 1649 1662 1071 1639 1696 1816 1411 1135 1807 1831 1867 1318 1635 1824 1205 1222 1922 1415 1848 1360 1131 1781 1180 1353 1659 1006 1517 1840 1007 1669 1799 1066 1776 1713 1536 BCNSPRNW ULIB Ver.6.0+V

เปลี่ยนเป็นภาษาไทย

Change to English
 แสดงรายละเอียดบรรณานุกรม
  กลับหน้าหลัก

Brief Record : Get Marc (ISO 2709) : E-mail record : QR code < ปิดหน้าต่าง
LEADER : 00000nam 2200000uu 4500
001    13399114648
003     ULIB
008    120426s2543||||th 000 0 tha d
020    ^a9746648845
060  4 ^aQV^bว815ค ล.1 2543
245 00 ^aคู่มือสมุนไพรฉบับย่อ^n(1) /^cบรรณาธิการ วีณา จิรัจฉริยากูล
250    ^aพิมพ์ครั้งที่ 1
260    ^aกรุงเทพฯ :^bสำนักงานข้อมูลสมุนไพร คณะเภสัชศาสตร์
300    ^aก-ฌ, 117 หน้า :^bภาพประกอบ ;^c21 ซม.
500    ^aSend to Single Search
650  4 ^aพฤกษศาสตร์
650  4 ^aสมุนไพร
700 0  ^aวีณา จิรัจฉริยากูล,^eบรรณาธิการ
710 2  ^aมหาวิทยาลัยมหิดล. ^bคณะเภสัชศาสตร์.
945    ^p150^l0^i10154
945    ^p150^l0^i10155
995    ^aกัณชพร
999 ^a ใช้งานได้ทุกระบบ
รายการนี้ยังไม่มีแท็ก
คุณยังไม่ได้ล็อกอิน คุณสามารถมีกิจกรรมร่วมกับเว็บไซต์ได้ แต่ต้องล็อกอินก่อน ::
  ล็อกอิน

รายการสื่อสารสนเทศ

ลำดับที่ ประเภท เลขเรียก/บาร์โค้ด สถานที่ สถานะ
1. วิทยาศาสตร์การแพทย์ และสุขภาพ
วิทยาศาสตร์การแพทย์ และสุขภาพ
QV ว815ค ล.1 2543 ฉ.2 
  Barcode: 10155
ห้องสมุดวิทยาเขตสวรรค์ประชารักษ์
►นวนิยาย
บนชั้น
  ขอยืม

รายการใกล้เคียง
    หัวเรื่อง [พฤกษศาสตร์]
    หัวเรื่อง [สมุนไพร]

BibComment


ยังไม่เคยถูกคอมเมนท์

คอมเมนท์ทรัพยากรรายการนี้
  คอมเมนท์: คู่มือสมุนไพรฉบั..


 Copyright 2026. Bcnsprnw @Library